00559nam a22001697a 4500003000900000008004100009040007100050082001700121100002100138245002200159260006300181300004100244505002300285650002500308650001300333710004300346AR-CdUCM190307b ||||| |||| 00| 0 spa d aMUNICIPALIDAD PROVINCIAL DEL CUSCOcBIBLIOTECA MUNICIPAL DEL CUSCO a869.4 /bT16 aTalarico, Gigia  aLos Tres Deseos / aLa Paz-Bolivia :bTalleres Gráficos Mundy Color ;c1993. a36 páginas ;bilustraciones,c17cm aContenido: Novela  aLiteratura boliviana aBolivia  aAlcaldía Municipal La Paz - Bolivia